Complex variables and the Laplace transform for engineers (Record no. 13856)

000 -LEADER
fixed length control field 00606nam a22002051 4500
001 - CONTROL NUMBER
control field 13856
003 - CONTROL NUMBER IDENTIFIER
control field BD-DhUET
008 - FIXED-LENGTH DATA ELEMENTS--GENERAL INFORMATION
fixed length control field 840622s1961 nyua b 000 0 eng
040 ## - CATALOGING SOURCE
Original cataloging agency DLC
Transcribing agency DLC
Modifying agency BD-DhUET
082 00 - DEWEY DECIMAL CLASSIFICATION NUMBER
Classification number 517.862
Item number LEP/1961
100 ## - MAIN ENTRY--PERSONAL NAME
Personal name LePage, Wilbur R.
245 10 - TITLE STATEMENT
Title Complex variables and the Laplace transform for engineers
250 ## - EDITION STATEMENT
Edition statement 1st ed.
260 ## - PUBLICATION, DISTRIBUTION, ETC. (IMPRINT)
Place of publication, distribution, etc. Bombay
Name of publisher, distributor, etc. McGraw-Hill
Date of publication, distribution, etc. 1961
300 ## - PHYSICAL DESCRIPTION
Extent xvi, 475 p.
Other physical details ill.
Dimensions 24 cm.
490 ## - SERIES STATEMENT
Series statement International series in pure and applied mathematics
504 ## - BIBLIOGRAPHY, ETC. NOTE
Bibliography, etc Includes bibliographies
650 #0 - SUBJECT ADDED ENTRY--TOPICAL TERM
Topical term or geographic name as entry element Calculus - Complex variables
942 ## - ADDED ENTRY ELEMENTS (KOHA)
Koha item type General Book
Holdings
Price effective from Withdrawn status Damaged status Not for loan Location (home branch) Koha full call number Copy number Lost status Source of classification or shelving scheme Date acquired Koha normalized classification for sorting Koha item type Shelving location Piece designation (barcode) Koha date last seen Sublocation or collection (holding branch)
2015-03-05   Central Library, BUET517.862/LEP/19611  2015-03-05517_862000000000000_LEP_1961General BookCirculation section401162015-03-05Central Library, BUET
2015-03-05   Central Library, BUET517.862/LEP/19612  2015-03-05517_862000000000000_LEP_1961General BookCirculation section243852015-03-05Central Library, BUET
2015-03-07   Central Library, BUET517.862/LEP/19613  2015-03-07517_862000000000000_LEP_1961General BookCirculation section63742015-03-07Central Library, BUET
2015-03-07   Central Library, BUET517.862/LEP/19614  2015-03-07517_862000000000000_LEP_1961General BookCirculation section510272015-03-07Central Library, BUET
2015-03-07   Central Library, BUET517.862/LEP/19615  2015-03-07517_862000000000000_LEP_1961General BookCirculation section209632015-03-07Central Library, BUET
2015-03-07   Central Library, BUET517.862/LEP/19616  2015-03-07517_862000000000000_LEP_1961General BookCirculation section426592015-03-07Central Library, BUET
2015-03-07   Central Library, BUET517.862/LEP/19617  2015-03-07517_862000000000000_LEP_1961General BookCirculation section401152015-03-07Central Library, BUET
2015-03-07   Central Library, BUET517.862/LEP/19618  2015-03-07517_862000000000000_LEP_1961General BookCirculation section396712015-03-07Central Library, BUET
2015-03-07   Central Library, BUET517.862/LEP/19619  2015-03-07517_862000000000000_LEP_1961General BookCirculation section396702015-03-07Central Library, BUET
2015-03-07   Central Library, BUET517.862/LEP/196110  2015-03-07517_862000000000000_LEP_1961General BookCirculation section426602015-03-07Central Library, BUET
2015-03-09   Central Library, BUET517.862/LEP/196111  2015-03-09517_862000000000000_LEP_1961General BookCirculation section426612015-03-09Central Library, BUET
2015-03-09   Central Library, BUET517.862/LEP/196112  2015-03-09517_862000000000000_LEP_1961General BookCirculation section510262015-03-09Central Library, BUET
2015-05-03   Central Library, BUET517.862/LEP/196113  2015-05-03517_862000000000000_LEP_1961General BookCirculation section20392015-05-03Central Library, BUET
2015-05-03   Central Library, BUET517.862/LEP/196114  2015-05-03517_862000000000000_LEP_1961General BookCirculation section63752015-05-03Central Library, BUET
2015-05-03   Central Library, BUET517.862/LEP/196115  2015-05-03517_862000000000000_LEP_1961General BookCirculation section20412015-05-03Central Library, BUET
2015-05-03   Central Library, BUET517.862/LEP/196116  2015-05-03517_862000000000000_LEP_1961General BookCirculation section20402015-05-03Central Library, BUET